| 000 | 02171nam a22002057a 4500 | ||
|---|---|---|---|
| 003 | OSt | ||
| 005 | 20260313104033.0 | ||
| 008 | 260313b |||||||| |||| 00| 0 eng d | ||
| 020 | _a9789401791090 | ||
| 040 |
_aDLC _ben _cDLC |
||
| 050 | _aDUCE QH541 | ||
| 245 |
_aEcology, Systematics, and the Natural History of Predaceous Diving Beetles (Coleoptera: Dytiscidae) / _cedited by Donald A. Yee. |
||
| 260 |
_aLondon: _bSpringer Netherlands , _c2014. |
||
| 300 |
_aXVIII, 468 p.; _bill.; _c25cm. |
||
| 500 | _aIncludes bibliographical references and index | ||
| 520 |
_aThis comprehensive book provides one of the most complete overviews of the aquatic beetles in the family Dytiscidae, also known as predaceous diving beetles. Dytiscids constitute one of the largest families of freshwater insects with approximately 4,200 named species that come in a variety of sizes, colors, and habitat affinities. Although dytiscid adults and larvae are ubiquitous throughout a variety of aquatic habitats, and are important predators on other aquatic invertebrates and vertebrates, there are no compilations that have focused on summarizing the knowledge on aspects of their ecology, systematics, and biology. Chapters in this book summarize hitherto scattered topics, including their anatomy and habitats, chemical and community ecology, phylogenies and larval morphology including chaetotaxy, sexual systems, predation, dispersal, conservation, and cultural and historical aspects. This knowledge is potentially beneficial to anyone working in aquatic systems where dytiscids are an important part of the food web. Moreover, readers will gain a greater appreciation of dytiscids as model organisms for investigations of fundamental principles derived from ecological and evolutionary theory. Contributed chapters are by authors who are actively engaged in studying dytiscids, and each chapter provides color photos and future directions for research _uhttp://172.20.27.22:4000/handle/123456789/134 |
||
| 700 |
_aDonald A. Yee _eeditor _q Donald A. Yee |
||
| 856 |
_yhttp://172.20.27.22:4000/handle/123456789/134 _uhttp://172.20.27.22:4000/handle/123456789/134 |
||
| 942 |
_2lcc _cBK _n0 |
||
| 999 |
_c4406 _d4406 |
||